Statistics for Acronyms

Click here to take the quiz!

General Stats

  • This quiz has been taken 12 times
  • The average score is 3 of 15

Answer Stats

HintAnswer% Correct
ASAPAs soon as possible
92%
NATONorth Atlantic Treaty Organization
58%
SCUBASelf-contained Underwater Breathing Apparatus
50%
MoMAMuseum of Modern Art
42%
NASANational Aeronautics and Space Administration
33%
ASEANAssociation of South East Asian Nations
17%
OSHAOccupational Safety and Health Administration
8%
RADARRadio Detection and Ranging
8%
STOLShort take-off and landing
8%
JATOJet-assisted take-off
8%
UNESCOUnited Nations Educational, Scientific and Cultural Organization
8%
RIBRigid Inflatable Boat
8%
LASERLight Amplification by Simulated Emission of Radioactivity
0%
SNAPSupplemental Nutrition Assistance Program
0%
IKEAIngvar Kamprad Elmtaryd Agunnaryd
0%

Score Distribution

Percentile by Number Answered

Percent of People with Each Score

Your Score History

You have not taken this quiz